|
|
|
|
| LEADER |
00000nab a2200000 a 4500 |
| 001 |
vtls000554277 |
| 003 |
SK-MaSNL |
| 005 |
20260303014949.0 |
| 008 |
160204c1991 xo 0 cze |
| 015 |
|
|
|a SNBRA19rr/mm-uuuuu
|
| 035 |
|
|
|a CL0554415
|
| 040 |
|
|
|a SNKBUCL
|b slo
|c SNKBUCL
|e AACR2
|
| 041 |
0 |
|
|a cze
|
| 044 |
|
|
|a xo
|c SK
|
| 080 |
|
|
|a 630 65:631.164.28:630 242:630 37
|2 1981
|
| 080 |
|
|
|a 631.164.28
|2 1981
|
| 080 |
|
|
|a 630 242
|2 1981
|
| 080 |
|
|
|a 630 37
|2 1981
|
| 080 |
|
|
|a 630 46.003
|2 1981
|
| 100 |
1 |
|
|a Vala, Vlastimil
|4 aut
|9 997339
|
| 245 |
1 |
0 |
|a Význam a zjišťování ztrát zpeněžení produkce smrkových porostů v důsledku poškození stojících stromů při soustřeďování dříví z probírek
|c Vlastimil Vala
|
| 300 |
|
|
|b Grafy 8, tab. 7, res. angl., nem., rus., lit. 7 zázn. v češ.
|
| 650 |
0 |
7 |
|a drevo
|2 snkbucl
|9 3560
|
| 650 |
0 |
7 |
|a sústreďovanie dreva
|2 snkbucl
|9 403302
|
| 655 |
|
7 |
|a články zo zborníkov
|2 snkbucl
|9 166140
|
| 773 |
0 |
|
|t Ekonomika a riadenie lesného hospodárstva 20
|d Zvolen : Príroda, 1991
|g S. 4-18
|z 8007004750
|
| 850 |
|
|
|a Slovenská národná knižnica v Martine
|a MTA001
|
| 852 |
|
|
|a SNK
|b KIS3GCP
|
| 958 |
|
|
|a NB
|
| 958 |
|
|
|a RK
|
| 992 |
|
|
|a RZB
|
| 999 |
|
|
|c 1610313
|d 1612243
|